AFLW Teams - Statistics

General Stats
  • This quiz has been taken 183 times
  • The average score is 7 of 8
Answer Stats
Answer % Correct
Adelaide Crows
94%
Brisbane Lions
94%
Collingwood Magpies
94%
Carlton Blues
90%
Melbourne Demons
89%
Western Bulldogs
89%
Fremantle Dockers
87%
Greater Western Sydney Giants
86%
No matching quizzes found
Score Distribution
Percent of People with Each Score
Percentile by Number Answered
Your Score History
You have not taken this quiz